| 000 | 00583nam a2200229Ia 4500 | ||
|---|---|---|---|
| 001 | dia_6812 | ||
| 003 | CHAP | ||
| 008 | 220117s1968 xx 000 0 und d | ||
| 010 | _a178904 | ||
| 040 | _cCHAP | ||
| 090 | _aF 197 1968 | ||
| 110 |
_aBanco de México _99829 |
||
| 245 | _aMemoria del tercer curso de adiestramiento Fondo de garantía 1967-1968 | ||
| 260 |
_aMéxico : _b ENA, _c1968 |
||
| 300 | _a54 p. | ||
| 901 | _aF 197 1968 | ||
| 902 | _aM | ||
| 905 | _a0000001968 MX 0000000000SPA00 | ||
| 942 | _c12 | ||
| 942 | _c12 | ||
| 999 |
_c178904 _d178904 |
||